Soviet Union: (Record no. 43261)

000 -LEADER
fixed length control field 00423nam a22001451a 4500
082 ## - DEWEY DECIMAL CLASSIFICATION NUMBER
Classification number M 327.540 47
Item number ANT/S
100 ## - MAIN ENTRY--PERSONAL NAME
Personal name Antony Pulinkunnu
9 (RLIN) 172135
245 ## - TITLE STATEMENT
Title Soviet Union:
Remainder of title Indiayude atmasuhruth/
Statement of responsibility, etc. by Antony Pulinkunnu.
260 ## - PUBLICATION, DISTRIBUTION, ETC.
Place of publication, distribution, etc. Pulinkunnu:
Name of publisher, distributor, etc. Antony,
Date of publication, distribution, etc. 1987.
300 ## - PHYSICAL DESCRIPTION
Extent 106p.
650 ## - SUBJECT ADDED ENTRY--TOPICAL TERM
Topical term or geographic name entry element India Soviet Relation
9 (RLIN) 172136
650 ## - SUBJECT ADDED ENTRY--TOPICAL TERM
Topical term or geographic name entry element Political Science
9 (RLIN) 172137
650 ## - SUBJECT ADDED ENTRY--TOPICAL TERM
Topical term or geographic name entry element Social Sciences
9 (RLIN) 172138
942 ## - ADDED ENTRY ELEMENTS (KOHA)
Koha item type Book
Holdings
Withdrawn status Lost status Damaged status Not for loan Permanent Location Current Location Date acquired Cost, normal purchase price Total Checkouts Full call number Barcode Date last seen Cost, replacement price Price effective from Koha item type
Write off   Damaged Not For Loan Sree Sankaracharya University of Sanskrit Sree Sankaracharya University of Sanskrit 08.01.2015 12.00   M 327.540 47 ANT/S 013851 08.01.2015 0.00 08.01.2015 Book
        Sree Sankaracharya University of Sanskrit Sree Sankaracharya University of Sanskrit 08.01.2015 12.00   M 327.540 47 ANT/S 013852 08.01.2015 0.00 08.01.2015 Book